Situación del aborto en República Dominicana / (Registro nro. 13984)

Detalles MARC
000 -LIDER
fixed length control field 01142nam a2200313 a 4500
001 - NÚMERO DE CONTROL
Identificador de número de control
003 - IDENTIFICACDOR DE NÚMERO DE CONTROL
control field DO-SdBNP
005 - DATE AND TIME OF LATEST TRANSACTION
control field 20220127115824.0
008 - ELEMENTOS DE LONGITUD FIJA
fixed length control field 190206s2016 dr d r 000 0 spa d
020 ## - ISBN
International Standard Book Number 9789945167764
040 ## - FUENTE DE CATALOGACIÓN
Agencia que crea de manera original el registro DO-SdBNP
Idioma de catalogación spa
Agencia que realiza la transcripción BPMSU
082 ## - NÚMERO DE CLASIFICACIÓN DECIMAL DE DEWEY
Classification number 363.467293
Item number S623a 2016
Edition number 22
245 00 - MENCIÓN DE TITULO
Título Situación del aborto en República Dominicana /
Mención de responsabilidad Leopoldina Cairo ... [et.al]
260 ## - PUBLICACIÓN, DISTRIBUCIÓN, ETC. (PIE DE IMPRENTA)
Lugar de publicación, distribución, etc Santo Domingo :
Nombre del editor, distribuidor, etc. Profamilia,
Fecha de publicación, distribución, etc 2016.
300 ## - DESCRIPCIÓN FÍSICA
Extensión 196 p. :
Otros detalles físicos diagr. ;
Dimensiones 28 cm.
500 ## - NOTA GENERAL
Nota general Proyecto avanzando en la garantía y defensa de los derechos de las mujeres, de los derechos sexuales y los derechos reproductivos.
504 ## - NOTA DE BIBLIOGRAFÍA, ETC.
Bibliography, etc Incluye referencias bibliográficas y notas al pie de las paginas
590 ## - NOTA LOCAL
Texto de la nota local Inventariado, 2022/VM
650 #4 - ENCABEZAMIENTO DE MATERIA--TEMÁTICO
Término temático o nombre geográfico como elemento de entrada Aborto
Subdivisión temática general Aspectos sociales.
Subdivisión geográfica República Dominicana
650 #4 - ENCABEZAMIENTO DE MATERIA--TEMÁTICO
Término temático o nombre geográfico como elemento de entrada Aborto
Subdivisión temática general Aspectos morales y éticos.
700 1# - ASIENTO SECUNDARIO -- NOMBRE PERSONAL
Nombre personal Cairo, Leopoldina
700 1# - ASIENTO SECUNDARIO -- NOMBRE PERSONAL
Nombre personal Figueroa, José
700 1# - ASIENTO SECUNDARIO -- NOMBRE PERSONAL
Nombre personal Sangiovanni, Gianna
700 1# - ASIENTO SECUNDARIO -- NOMBRE PERSONAL
Nombre personal Flores Chang, Myrna
700 1# - ASIENTO SECUNDARIO -- NOMBRE PERSONAL
Nombre personal Saleta, Claudia
710 2# - ASIENTO SECUNDARIO -- NOMBRE CORPORATIVO
Nombre corporativo o de jurisdicción Profamilia (República Diminicana )
910 ## - VALIDACIÓN
Validación VMateo V.
942 ## - ADDED ENTRY ELEMENTS (KOHA)
Source of classification or shelving scheme Dewey Decimal Classification
Koha item type Libros
Existencias
Withdrawn status Lost status Source of classification or shelving scheme Damaged status Not for loan Home library Current library Date acquired Total Checkouts Full call number Barcode Date last seen Price effective from Koha item type
    Dewey Decimal Classification     Biblioteca Pública Metropolitana Salomé Ureña Biblioteca Pública Metropolitana Salomé Ureña 01/27/2022   BPMSU CD 363.467293 S623a 2016 BPMSU22010077 01/27/2022 01/27/2022 Libros